[Event "Rostov on Don rapid GP Stage 28th"]
[Site "Rostov on Don"]
[Date "2021.10.30"]
[Round "8"]
[White "Golovanev, Vladimir"]
[Black "Garkushin, Artem"]
[Result "1/2-1/2"]
[WhiteElo "2086"]
[BlackElo "2088"]
[PlyCount "79"]
[EventDate "2021.10.29"]
[EventType "swiss"]
[EventRounds "11"]
[EventCountry "RUS"]
[SourceTitle "CBM 204 Extra"]
[Source "ChessBase"]
[SourceDate "2021.11.30"]
[SourceVersion "1"]
[SourceVersionDate "2021.11.30"]
[SourceQuality "1"]

1. e4 e6 2. d4 d5 3. Nc3 Nf6 4. Bg5 Bb4 5. e5 h6 6. Bc1 Ne4 7. Qg4 g6 8. a3 Bxc3+ 9. bxc3 Nxc3 10. Bd3 c5 11. dxc5 Qc7 12. Qd4 Ne4 13. Bxe4 dxe4 14. Qd6 Qxd6 15. cxd6 Bd7 16. Ne2 Bc6 17. Bb2 Nd7 18. 0-0-0 Rc8 19. Rhe1 Nc5 20. Kb1 Kd7 21. Ng3 Bd5 22. Bd4 Na4 23. Nxe4 Bxe4 24. Rxe4 Rc4 25. Re3 Rhc8 26. Rd2 Nc3+ 27. Bxc3 Rxc3 28. Rxc3 Rxc3 29. Kb2 Rc4 30. Rd3 Re4 31. Re3 Rxe3 32. fxe3 f6 33. exf6 Kxd6 34. Kc3 e5 35. Kc4 Ke6 36. f7 Kxf7 37. Kd5 Kf6 38. e4 b5 39. g3 a5 40. c3 1/2-1/2